000 00788nam a2200277 a 4500
999 _c7587
_d7587
001 7587
003 (BD-JHCC)
005 20210329134019.0
008 931206s1986 enk 000 1 eng d
020 _a0004245237
035 _a(BD-JhCC)7587
040 _aBD-JhCC
_dBD-JhCC
041 _aeng
082 _a823.8
_bELI 1953
100 1 _aEliot, George,
_d1819-1880.
245 1 0 _aSilas Marner /
_cGeorge Eliot ; with an introduction by Winifred Mulley
260 _aLondon :
_bCollins,
_c1953
300 _a317 p. ;
_c16 cm
504 _aBibliography: p. 287-288
505 0 _aContents: Silas Marner -- The lifted veil -- Brother Jacob -- Poems
650 _aEnglish Literature
740 0 2 _aLifted veil
740 0 2 _aBrother Jacob
942 _2ddc
_cBK
_02